000 01030 a2200217 4500
001 60355
005 20260407155854.0
008 260407a1993 arg spa d
003 AR-UNSa-BCEJYS
040 _aAR-UNSa-BCEJYS
_bspa
_cAR-UNSa-BCEJYS
080 _a336.14
_xPresupuesto público. Presupuesto nacional
245 1 0 _aManual de clasificaciones presupuestarias para el sector público nacional
250 _a4a. ed.
264 1 _aBuenos Aires :
_bMinisterio de Economía
_c1993
300 _a278 p.
_c23 cm.
505 _a1. Aspectos generales sobre las clasificaciones presupuestarias - 2. Clasificaciones válidas para todas las transacciones - 3. Clasificación de los recursos públicos - 4. Clasificación de los gastos públicos - 5. Clasificaciones combinadas - 6. Cuenta de ahorro-inversión-financiamiento del sector público
041 _aspa
942 _cBK
590 _aniveau_biblio:m niveau_hierar:0
100 1 _aArgentina. Ministerio de Economía y Obras y Servicios Públicos. Secretaría de Hacienda
999 _c6925
_d6925